000 00564nam a22001697a 4500
005 20251108165333.0
008 250721s1992 xx 000 0 ara d
082 1 4 _a956.93/شلب
100 1 _aشلبي، أحمد
245 1 0 _aاليهود في الظلام :
_bدراسة عن الوسائل و المؤسسات التي إبتكرها اليهود ضد /
264 1 _aالقاهره :
_bالزهراء للإعلام العربي،
_c1992.
300 _a106ص
650 1 7 _aاليهود
650 1 7 _aالتاريخ
942 _2ddc
_cBK
999 _c25414
_d25414